[Event "Oberliga Bayern 1718"]
[Site "Bayern"]
[Date "2017.10.22"]
[Round "1.4"]
[White "Prediger, Rupert"]
[Black "Rodewis, Thomas"]
[Result "0-1"]
[WhiteElo "2225"]
[BlackElo "2348"]
[PlyCount "144"]
[EventDate "2017.10.22"]
[EventType "team-tourn"]
[EventRounds "9"]
[EventCountry "GER"]
[SourceTitle "EXT 2020"]
[Source "ChessBase"]
[SourceDate "2019.10.17"]
[SourceVersion "1"]
[SourceVersionDate "2019.10.17"]
[SourceQuality "1"]
[WhiteTeam "Pang/Rosenheim"]
[BlackTeam "Bayern Muenchen II"]
[WhiteTeamCountry "GER"]
[BlackTeamCountry "GER"]

1. e4 c5 2. Nf3 Nf6 3. e5 Nd5 4. Nc3 e6 5. Nxd5 exd5 6. d4 Nc6 7. dxc5 Bxc5 8. Qxd5 Qb6 9. Bc4 Bxf2+ 10. Kd1 0-0 11. Ng5 Qd4+ 12. Qxd4 Bxd4 13. c3 Bxe5 14. Rf1 Nd8 15. Nf3 d6 16. Be3 Be6 17. Bd3 Bf6 18. Ng5 Bxg5 19. Bxg5 Nc6 20. Kd2 f6 21. Be3 Ne5 22. b3 Bd5 23. Rg1 b6 24. Be2 Rfe8 25. Bd4 Re7 26. Raf1 Nc6 27. Bf2 Be4 28. Re1 d5 29. Bb5 Ne5 30. Be2 Nd7 31. Bb5 Nc5 32. Re3 h6 33. Rge1 f5 34. g3 Rd8 35. Kc1 Kf7 36. Rd1 Ne6 37. Rd2 Kf6 38. Re1 Ke5 39. Kb2 g5 40. a4 Rc7 41. a5 d4 42. cxd4+ Nxd4 43. axb6 axb6 44. Bc4 b5 45. Bxb5 Nxb5 46. Rxe4+ Kxe4 47. Rxd8 Rb7 48. Rh8 Rd7 49. Kc1 Rc7+ 50. Kd2 Kf3 51. Bb6 Rc6 52. Rb8 g4 53. b4 Nd6 54. Bd4 Kg2 55. b5 Rc4 56. Kd3 Rc1 57. Be3 Rb1 58. Bxh6 Nxb5 59. Rh8 Kxh2 60. Bf4+ Kg2 61. Rf8 Rd1+ 62. Kc4 Nd6+ 63. Kb3 Rd4 64. Be5 Rd5 65. Bf4 Ne4 66. Kc4 Rc5+ 67. Kd4 Ra5 68. Rb8 Nxg3 69. Rb2+ Kf3 70. Bc7 Ne2+ 71. Kc4 Ra4+ 72. Kd5 Re4 0-1

[Event "Oberliga Bayern 1516"]
[Site "Bayern"]
[Date "2015.12.13"]
[Round "4.4"]
[White "Rodewis, Thomas"]
[Black "Miller, Eduard"]
[Result "0-1"]
[WhiteElo "2342"]
[BlackElo "2249"]
[PlyCount "80"]
[EventDate "2015.10.11"]
[EventType "team-tourn"]
[EventRounds "9"]
[EventCountry "GER"]
[SourceTitle "EXT 2018"]
[Source "ChessBase"]
[SourceDate "2017.10.13"]
[SourceVersion "1"]
[SourceVersionDate "2017.10.13"]
[SourceQuality "1"]
[WhiteTeam "Bayern Muenchen II"]
[BlackTeam "Erlangen SC"]
[WhiteTeamCountry "GER"]
[BlackTeamCountry "GER"]

1. d4 Nf6 2. Nf3 g6 3. Bg5 Bg7 4. Nbd2 d6 5. c3 Nc6 6. e4 0-0 7. d5 Ne5 8. Nxe5 dxe5 9. Bc4 Qd6 10. Qe2 e6 11. dxe6 Bxe6 12. Bxe6 Qxe6 13. 0-0 h6 14. Bxf6 Bxf6 15. Rfd1 Rfd8 16. Nc4 Kg7 17. b3 Be7 18. Rxd8 Rxd8 19. Rd1 Rxd1+ 20. Qxd1 b5 21. Ne3 Bc5 22. Nc2 Qf6 23. Qd2 Qh4 24. Qe2 Qf4 25. g3 Qc1+ 26. Kg2 Qb2 27. Nd4 Qxe2 28. Nxe2 Kf6 29. Nc1 Ke6 30. Nd3 Be7 31. Kf1 c6 32. Ke2 Bd8 33. h3 Ba5 34. Kd2 Bb6 35. f3 h5 36. Nc1 Bf2 37. Ne2 Kf6 38. f4 c5 39. g4 hxg4 40. hxg4 c4 0-1

[Event "Oberliga Bayern 1516"]
[Site "Bayern"]
[Date "2015.10.25"]
[Round "2.3"]
[White "Hitzler, Philipp"]
[Black "Rodewis, Thomas"]
[Result "1/2-1/2"]
[WhiteElo "2269"]
[BlackElo "2342"]
[PlyCount "93"]
[EventDate "2015.10.11"]
[EventType "team-tourn"]
[EventRounds "9"]
[EventCountry "GER"]
[SourceTitle "EXT 2018"]
[Source "ChessBase"]
[SourceDate "2017.10.13"]
[SourceVersion "1"]
[SourceVersionDate "2017.10.13"]
[SourceQuality "1"]
[WhiteTeam "Regensburg Post/Sued"]
[BlackTeam "Bayern Muenchen II"]
[WhiteTeamCountry "GER"]
[BlackTeamCountry "GER"]

1. d4 d5 2. c4 c6 3. Nf3 Nf6 4. Qc2 g6 5. Bf4 Bg7 6. e3 0-0 7. Nc3 c5 8. dxc5 Qa5 9. a3 Nc6 10. Qa4 dxc4 11. Bxc4 Nh5 12. Qxa5 Nxa5 13. Ba2 Nxf4 14. exf4 Bxc3+ 15. bxc3 Bf5 16. Ne5 Rac8 17. g4 Be6 18. Ke2 Nb3 19. Bxb3 Bxb3 20. Rhb1 Bd5 21. Ke3 Rfd8 22. c4 Bg2 23. f3 f6 24. Ra2 fxe5 25. Rxg2 Rxc5 26. Rxb7 exf4+ 27. Kxf4 Rxc4+ 28. Kg3 Rd3 29. Rxa7 Rcc3 30. Rf2 Kf7 31. a4 Kf6 32. h4 h6 33. Kg2 Re3 34. Ra6+ e6 35. Ra8 Re1 36. Rb2 Rcc1 37. Kg3 Rg1+ 38. Rg2 Rgf1 39. Rf8+ Kg7 40. Rf4 Ra1 41. Rc2 Rg1+ 42. Kf2 Rgf1+ 43. Ke2 Rae1+ 44. Kd3 Rd1+ 45. Rd2 Ra1 46. Ke3 Rae1+ 47. Re2 1/2-1/2

[Event "Oberliga Bayern 1415"]
[Site "Germany"]
[Date "2014.11.23"]
[Round "3.5"]
[White "Rodewis, Thomas"]
[Black "Baeuml, Ulrich"]
[Result "1/2-1/2"]
[WhiteElo "2368"]
[BlackElo "2120"]
[PlyCount "73"]
[EventDate "2014.10.19"]
[EventType "team-tourn"]
[EventRounds "9"]
[EventCountry "GER"]
[SourceTitle "EXT 2016"]
[Source "ChessBase"]
[SourceDate "2015.10.08"]
[SourceVersion "1"]
[SourceVersionDate "2015.10.08"]
[SourceQuality "1"]
[WhiteTeam "Bayern Muenchen II"]
[BlackTeam "Dillingen"]
[WhiteTeamCountry "GER"]
[BlackTeamCountry "GER"]

1. d4 e6 2. c4 d5 3. Nc3 c5 4. cxd5 exd5 5. Nf3 Nc6 6. g3 Nf6 7. Bg2 Be7 8. 0-0 0-0 9. dxc5 Bxc5 10. Bg5 d4 11. Bxf6 Qxf6 12. Nd5 Qd8 13. Nd2 a6 14. Rc1 Ba7 15. Nf4 Re8 16. Re1 Bf5 17. Nb3 Qd6 18. Qd2 Be4 19. Bxe4 Rxe4 20. Na5 Nxa5 21. Qxa5 Rae8 22. Qf5 g6 23. Qd5 Qe7 24. Rc2 Rd8 25. Qb3 Rxf4 26. gxf4 d3 27. Rd2 Bxf2+ 28. Kxf2 Qh4+ 29. Kf3 Qxe1 30. Rxd3 Qf1+ 31. Kg3 Qg1+ 32. Kf3 Re8 33. Re3 Qf1+ 34. Kg3 Qg1+ 35. Kf3 Qh1+ 36. Kg3 Qg1+ 37. Kf3 1/2-1/2

[Event "Oberliga Bayern 1314"]
[Site "Bayern"]
[Date "2014.02.09"]
[Round "6.6"]
[White "Darr, Thomas"]
[Black "Rodewis, Thomas"]
[Result "1/2-1/2"]
[WhiteElo "2109"]
[BlackElo "2362"]
[PlyCount "112"]
[EventDate "2013.10.13"]
[EventType "team-tourn"]
[EventRounds "9"]
[EventCountry "GER"]
[SourceTitle "EXT 2015"]
[Source "ChessBase"]
[SourceDate "2014.11.20"]
[SourceVersion "1"]
[SourceVersionDate "2014.11.20"]
[SourceQuality "1"]
[WhiteTeam "Dillingen"]
[BlackTeam "Bayern Muenchen II"]
[WhiteTeamCountry "GER"]
[BlackTeamCountry "GER"]

1. d4 Nf6 2. Nf3 b6 3. g3 Bb7 4. Bg2 e6 5. 0-0 Be7 6. c4 0-0 7. Nc3 Ne4 8. Qc2 Nxc3 9. Qxc3 d6 10. b3 Nd7 11. Bb2 Bf6 12. Qc2 c5 13. Rfd1 Qc7 14. Rac1 Rad8 15. e4 Qb8 16. d5 Bxb2 17. Qxb2 exd5 18. exd5 Rfe8 19. Re1 Nf6 20. Qd2 Bc8 21. Qf4 Bg4 22. Ng5 Bh5 23. Ne4 Nxe4 24. Bxe4 Re5 25. Bf3 Bg6 26. Rxe5 dxe5 27. Qg4 f5 28. Qg5 Rd6 29. Bh5 h6 30. Qh4 Qf8 31. Re1 e4 32. Bxg6 Rxg6 33. Qf4 Rf6 34. Qe5 Kh7 35. Rd1 Rd6 36. f3 exf3 37. Rf1 Rf6 38. Rxf3 Qf7 39. Kg2 Qg6 40. Rf4 Qh5 41. Rf3 Qg4 42. d6 Qd4 43. Qxd4 cxd4 44. d7 Rd6 45. Rxf5 Rxd7 46. Rd5 Rxd5 47. cxd5 Kg6 48. d6 Kf6 49. Kf3 Ke6 50. Ke4 Kxd6 51. Kxd4 h5 52. h3 g5 53. g4 h4 54. Ke4 Ke6 55. a3 a6 56. b4 b5 1/2-1/2

[Event "Oberliga Bayern 1314"]
[Site "Bayern"]
[Date "2013.10.13"]
[Round "1.7"]
[White "Rodewis, Thomas"]
[Black "Hahn, Christoph"]
[Result "1-0"]
[WhiteElo "2362"]
[BlackElo "2191"]
[PlyCount "33"]
[EventDate "2013.10.13"]
[EventType "team-tourn"]
[EventRounds "9"]
[EventCountry "GER"]
[SourceTitle "EXT 2015"]
[Source "ChessBase"]
[SourceDate "2014.11.20"]
[SourceVersion "1"]
[SourceVersionDate "2014.11.20"]
[SourceQuality "1"]
[WhiteTeam "Bayern Muenchen II"]
[BlackTeam "Kriegshaber"]
[WhiteTeamCountry "GER"]
[BlackTeamCountry "GER"]

1. d4 d5 2. Nf3 Nf6 3. c4 e6 4. Nc3 Bb4 5. Qa4+ Nc6 6. Bf4 0-0 7. e3 dxc4 8. Bxc4 Nd5 9. Bxd5 exd5 10. h3 Be6 11. 0-0 a6 12. Qc2 Qd7 13. Rfc1 f6 14. Na4 Bf5 15. Qb3 Rab8 16. Bxc7 Qxc7 17. Qxd5+ 1-0

[Event "BL2-Ost 1213"]
[Site "Germany"]
[Date "2013.03.17"]
[Round "8.8"]
[White "Rodewis, Thomas"]
[Black "Diebl, Lutz"]
[Result "1-0"]
[WhiteElo "2354"]
[BlackElo "2214"]
[PlyCount "67"]
[EventDate "2012.10.14"]
[EventType "team-tourn"]
[EventRounds "9"]
[EventCountry "GER"]
[SourceTitle "CBM 154 Extra"]
[Source "ChessBase"]
[SourceDate "2013.06.25"]
[SourceVersion "2"]
[SourceVersionDate "2013.06.25"]
[SourceQuality "1"]
[WhiteTeam "Bayern Muenchen"]
[BlackTeam "Aue Nickelhuette"]
[WhiteTeamCountry "GER"]
[BlackTeamCountry "GER"]

1. d4 Nc6 2. Nf3 d5 3. Bf4 Bg4 4. e3 e6 5. h3 Bh5 6. Be2 Bd6 7. c3 Bxf4 8. exf4 Bxf3 9. Bxf3 Qd6 10. g3 Nge7 11. Nd2 0-0 12. Be2 Nd8 13. Qc2 c5 14. dxc5 Qxc5 15. Bd3 h6 16. Nf3 Ndc6 17. Qe2 Rab8 18. 0-0 b5 19. Rac1 b4 20. Bb1 bxc3 21. Rxc3 Qb6 22. Qc2 g6 23. h4 h5 24. b3 Rbc8 25. Qd2 d4 26. Rc4 Rcd8 27. Be4 Rd6 28. Re1 Rfd8 29. f5 Kg7 30. fxg6 fxg6 31. Qg5 Qa5 32. Bxc6 Nxc6 33. Rxc6 Qxg5 34. Rc7+ 1-0

[Event "Oberliga Bayern 1213"]
[Site "Bayern"]
[Date "2012.10.14"]
[Round "1.5"]
[White "Wachinger, Guenther"]
[Black "Rodewis, Thomas"]
[Result "0-1"]
[WhiteElo "2172"]
[BlackElo "2332"]
[PlyCount "152"]
[EventDate "2012.10.14"]
[EventType "team-tourn"]
[EventRounds "9"]
[EventCountry "GER"]
[SourceTitle "EXT 2015"]
[Source "ChessBase"]
[SourceDate "2014.11.20"]
[SourceVersion "1"]
[SourceVersionDate "2014.11.20"]
[SourceQuality "1"]
[WhiteTeam "Pang/Rosenheim"]
[BlackTeam "Bayern Muenchen II"]
[WhiteTeamCountry "GER"]
[BlackTeamCountry "GER"]

1. d4 Nf6 2. c4 e6 3. Nf3 b6 4. g3 Bb7 5. Bg2 Bb4+ 6. Bd2 c5 7. Bxb4 cxb4 8. 0-0 0-0 9. Nbd2 d6 10. Re1 Qc7 11. e4 e5 12. d5 Nbd7 13. Nh4 Nc5 14. Re3 a5 15. g4 g6 16. Bf3 Ne8 17. Be2 Qe7 18. Ng2 Ng7 19. Rg3 f5 20. gxf5 gxf5 21. exf5 Kh8 22. Ne3 Bc8 23. Bg4 Bxf5 24. Bxf5 Nxf5 25. Nxf5 Rxf5 26. a3 Raf8 27. axb4 axb4 28. f3 Qh4 29. Rg4 Rg5 30. Rxg5 Qxg5+ 31. Kh1 Nd3 32. Qe2 Nf4 33. Ne4 Qh6 34. Qf2 Rg8 35. Ng3 Nd3 36. Qe2 Rxg3 37. Qxd3 Rg8 38. Qe2 Qg5 39. Qf2 Qf4 40. b3 Qg5 41. Re1 Qg6 42. Re4 h5 43. Re1 Kh7 44. Re4 Rg7 45. Re1 Qg5 46. Qc2+ Rg6 47. Qf2 Qf5 48. Re4 Rf6 49. Kg2 Qg5+ 50. Kf1 Qc1+ 51. Re1 Qc3 52. Re3 Qd4 53. Qe2 Rg6 54. Qd3 Qa1+ 55. Re1 Qb2 56. Re2 Qc1+ 57. Re1 Qg5 58. Ke2 Qg2+ 59. Kd1 Qxh2 60. Qf5 Qh4 61. Qf7+ Rg7 62. Qf5+ Kh6 63. Qf8 Qd4+ 64. Ke2 Qb2+ 65. Ke3 Qxb3+ 66. Kf2 Qb2+ 67. Re2 Qd4+ 68. Re3 Qh4+ 69. Ke2 Qxc4+ 70. Rd3 Qc2+ 71. Ke3 Qc7 72. Qh8+ Kg6 73. Rd2 Qc3+ 74. Ke2 Qc4+ 75. Ke1 Qh4+ 76. Ke2 Kf7 0-1

[Event "BL2-Ost 1011"]
[Site "Germany"]
[Date "2011.04.10"]
[Round "9.4"]
[White "Rodewis, Thomas"]
[Black "Loxine, Jakov"]
[Result "1/2-1/2"]
[WhiteElo "2366"]
[BlackElo "2384"]
[PlyCount "105"]
[EventDate "2010.10.10"]
[EventType "team-tourn"]
[EventRounds "9"]
[EventCountry "GER"]
[SourceTitle "EXT 2012"]
[Source "ChessBase"]
[SourceDate "2011.11.24"]
[SourceVersion "1"]
[SourceVersionDate "2011.11.24"]
[SourceQuality "1"]
[WhiteTeam "Bayern Muenchen II"]
[BlackTeam "Dresden TU"]
[WhiteTeamCountry "GER"]
[BlackTeamCountry "GER"]

1. d4 Nf6 2. c4 g6 3. Nc3 Bg7 4. e4 0-0 5. f3 d6 6. Be3 Nbd7 7. Nh3 a6 8. a4 e5 9. d5 Nh5 10. Be2 f5 11. Ng5 Nc5 12. exf5 gxf5 13. b4 Nf4 14. Bxf4 exf4 15. Kd2 Qxg5 16. bxc5 Qf6 17. Ra3 dxc5 18. Kc2 Bd7 19. Rb3 Rfe8 20. Qd2 Re3 21. Bd3 b6 22. a5 b5 23. cxb5 axb5 24. Nxb5 Bxb5 25. Bxb5 Rxb3 26. Kxb3 Rxa5 27. Bc6 Ra6 28. Rb1 Rb6+ 29. Kc2 Rxb1 30. Kxb1 Qa1+ 31. Kc2 Qb2+ 32. Kd1 Qb1+ 33. Ke2 Be5 34. Qd1 Qa2+ 35. Kf1 Kg7 36. Ba4 Kf6 37. Bb3 Qa6+ 38. Qe2 Qa1+ 39. Qd1 Qc3 40. Bc2 c4 41. Bb1 Ke7 42. Qe1 Qd4 43. Bxf5 h6 44. Bc2 Kd6 45. Qh4 Qe3 46. Qe1 Kxd5 47. Be4+ Kd4 48. Qd1+ Kc3 49. Qa1+ Kd2 50. Qa2+ Kc3 51. Qa5+ Kb3 52. Qb5+ Ka3 53. Qa5+ 1/2-1/2

[Event "BL2-Ost 1011"]
[Site "Germany"]
[Date "2011.01.16"]
[Round "5.4"]
[White "Rodewis, Thomas"]
[Black "Quast, Michael"]
[Result "0-1"]
[WhiteElo "2366"]
[BlackElo "2287"]
[PlyCount "108"]
[EventDate "2010.10.10"]
[EventType "team-tourn"]
[EventRounds "9"]
[EventCountry "GER"]
[SourceTitle "EXT 2012"]
[Source "ChessBase"]
[SourceDate "2011.11.24"]
[SourceVersion "1"]
[SourceVersionDate "2011.11.24"]
[SourceQuality "1"]
[WhiteTeam "Bayern Muenchen II"]
[BlackTeam "Chemnitz USG"]
[WhiteTeamCountry "GER"]
[BlackTeamCountry "GER"]

1. d4 Nf6 2. c4 g6 3. Nc3 Bg7 4. e4 d6 5. f3 0-0 6. Bg5 a6 7. Nge2 Nc6 8. a3 Re8 9. b4 e5 10. dxe5 Nxe5 11. Nd4 h6 12. Bh4 c6 13. Be2 g5 14. Bf2 d5 15. cxd5 cxd5 16. exd5 Nxd5 17. Nxd5 Qxd5 18. 0-0 Bd7 19. Rc1 Rac8 20. Rxc8 Rxc8 21. Qb1 Ng6 22. Rd1 Ba4 23. Rd2 Bf6 24. Bf1 Nf4 25. Be3 h5 26. Nf5 Qe5 27. Bd4 Qe6 28. Bf2 Bc2 29. Nh6+ Kg7 30. Rxc2 Kxh6 31. Rxc8 Qxc8 32. Be3 Qc3 33. Qc1 Nd5 34. Qxc3 Bxc3 35. Bc1 Bd4+ 36. Kh1 f6 37. g3 Kg7 38. Bd3 Ne3 39. Kg1 h4 40. Kf2 Ng4+ 41. Kg2 h3+ 42. Kf1 Nxh2+ 43. Ke2 g4 44. fxg4 Nxg4 45. Be4 b6 46. Bb7 h2 47. Kd3 Bf2 48. Bf4 f5 49. a4 b5 50. axb5 axb5 51. Bd6 Kf6 52. Ke2 Bb6 53. Kf1 Nf2 54. g4 h1Q+ 0-1